Βασικά μαθήματα φωτογραφίας
Αποθηκεύτηκε σε:
| Κύριος συγγραφέας: | |
|---|---|
| Μορφή: | Βιβλίο |
| Γλώσσα: | Greek |
| Δημοσίευση: |
Αθήνα :
Φωτογράφος,
c1994.
|
| Σειρά: | Τεχνικά βιβλία για την φωτογραφία & το video
|
| Θέματα: | |
| Ετικέτες: |
Προσθήκη ετικέτας
Δεν υπάρχουν, Καταχωρήστε ετικέτα πρώτοι!
|
MARC
| LEADER | 00000cam a2200000 i 4500 | ||
|---|---|---|---|
| 001 | 1/62102 | ||
| 008 | 960222s1994####gr | ||| |||| ||gre|| | ||
| 020 | |a 9608512042 | ||
| 035 | |1 ΕΛΗ |a 1996 |b 0108 |c ΚΟΝΙΟΡΔΟΣ |l 10046553 | ||
| 040 | |a GR-MyUA |b gre |e AACR2 | ||
| 041 | 0 | |a gre | |
| 082 | 0 | |a 771. | |
| 100 | 1 | |a Κατερτζιάδης, Παναγιώτης. | |
| 245 | 1 | 0 | |a Βασικά μαθήματα φωτογραφίας / |c Παναγιώτης Κατερτζιάδης. |
| 260 | |a Αθήνα : |b Φωτογράφος, |c c1994. | ||
| 300 | |a 234 σ. ; |c 24 εκ. | ||
| 490 | 1 | |a (Τεχνικά βιβλία για την φωτογραφία & το video) | |
| 650 | 0 | 0 | |a Photography |x Processing. |
| 830 | 0 | |a Τεχνικά βιβλία για την φωτογραφία & το video | |
| 852 | |a INST |b SAMOS |e 19960222 |h 771 ΚΑΤ |p 005300009443 |q 005300009443 |t BK |y 0 | ||
| 909 | |a Σ |b 041780 | ||